000 00418nam a22001457a 4500
005 20251007153223.0
008 250930b |||||||| |||| 00| 0 eng d
020 _a978-93-48189-48-6
041 _aeng
100 _aCHATURVEDI, YATINDRA NATH
_98711
245 _aRAJBHASHA SENANI: HINDI KAVI [ HINDI KAVIYON KA SAMPURN JIVAN PARICHAY]
260 _aUTTAR PRADESH
_bAKSHAR PLANT
_c2024
300 _a101;P
942 _cBK
999 _c8871
_d8869